000 00250nam a2200109Ia 4500
008 190216s9999||||xx |||||||||||||| ||und||
100 _aDinesh Chandra
245 0 _aHindi-Gadya Sudha
260 _bNiraja Construction
650 _aHindi
942 _cBK
999 _c15540
_d15540